00678 2200229 4500001002100000005001700021008004100038020002200079035002400101082001000125090001700135100002200152245009800174260006200272300002900334500002700363650001000390850001200400980001500412985000600427999001500433YOGYA-0209000006960220090227093240.0 ind  a978-979-685-655-8 0010-020900000069602 a398.4 a398.4bKad S aKADIR, Saperi H.M aSyair riwayat hidup Syekh Muhammad Arsyad Al-Banjaribcerita rakyat MelayucH.M. Saperi Kadir aJakartabPusat Bahasa Departemen Pendidikan Nasinalc2007 axi, 136 hlmbilusc19 cm aBibliografi : hlm. 136 aSyair aYOPDYOG a29-10-2008 a1 a08A0035514